El mundo de los hidrocarburos en Colombia / (Registro nro. 4819)

Detalles MARC
000 -LEADER
fixed length control field 01578nam a2200289Ia 4500
003 - CONTROL NUMBER IDENTIFIER
control field OSt
005 - DATE AND TIME OF LATEST TRANSACTION
control field 20210208161548.0
008 - FIXED-LENGTH DATA ELEMENTS--GENERAL INFORMATION
fixed length control field 191128t2014 ck aodbgr 000 0 spa d
040 ## - CATALOGING SOURCE
Original cataloging agency CO-JMCR
Transcribing agency CO-JMCR
041 0# - LANGUAGE CODE
Language code of text/sound track or separate title spa
082 04 - DEWEY DECIMAL CLASSIFICATION NUMBER
Classification number 665.5 /
Item number R934m
Edition number 23
100 1# - MAIN ENTRY--PERSONAL NAME
Personal name Ruíz, Jairo Francisco,
Relator term autor
9 (RLIN) 13170
245 13 - TITLE STATEMENT
Title El mundo de los hidrocarburos en Colombia /
Statement of responsibility, etc. Jairo Francisco Ruíz, Álvaro Humberto Montoya, Sergio Antonio Cristancho, [y 9 más.]
260 ## - PUBLICATION, DISTRIBUTION, ETC.
Place of publication, distribution, etc. Bogotá :
Name of publisher, distributor, etc. Portafolio,
Date of publication, distribution, etc. ©2014
300 ## - PHYSICAL DESCRIPTION
Extent 64 páginas :
Other physical details ilustraciones, fotografías, gráficos y mapas a color ;
Dimensions 30 cm.
500 ## - GENERAL NOTE
General note Incluye glosario.
505 0# - FORMATTED CONTENTS NOTE
Formatted contents note Origen e historia del petroleo -- Exploración -- Caracterización del yacimiento -- Producción -- Derivados del petróleo, fuente de bienestar -- El petróleo se mueve -- Política del petróleo y medioambiente -- Futuro, innovación y tecnología
520 3# - SUMMARY, ETC.
Summary, etc. Coleccionable compuesto por 8 fascículos, en los cuales se explican aspectos generales en la industria, procurando ilustrar técnicas, avances tecnológicos, procedimientos y el cuidado que se tiene con la extracción y manejo de este recurso natural no renovable.
650 14 - SUBJECT ADDED ENTRY--TOPICAL TERM
Topical term or geographic name entry element Historia del petróleo
9 (RLIN) 13171
650 14 - SUBJECT ADDED ENTRY--TOPICAL TERM
Topical term or geographic name entry element Historia de la industria del petróleo
9 (RLIN) 13172
650 14 - SUBJECT ADDED ENTRY--TOPICAL TERM
Topical term or geographic name entry element Productos del petróleo
9 (RLIN) 13173
650 14 - SUBJECT ADDED ENTRY--TOPICAL TERM
Topical term or geographic name entry element Hidrocarburos
General subdivision terminología
9 (RLIN) 13174
650 14 - SUBJECT ADDED ENTRY--TOPICAL TERM
Topical term or geographic name entry element Petróleo
General subdivision aspectos ambientales
9 (RLIN) 13175
700 1# - ADDED ENTRY--PERSONAL NAME
Personal name Montoya, Álvaro Humberto,
Relator term autor
9 (RLIN) 13176
700 1# - ADDED ENTRY--PERSONAL NAME
Personal name Cristancho, Sergio Antonio,
Relator term autor
9 (RLIN) 13177
942 ## - ADDED ENTRY ELEMENTS (KOHA)
Source of classification or shelving scheme Dewey Decimal Classification
Koha item type Books
Existencias
Withdrawn status Lost status Source of classification or shelving scheme Damaged status Not for loan Collection code Home library Current library Date acquired Source of acquisition Total Checkouts Full call number Barcode Date last seen Date last checked out Copy number Koha item type
    Dewey Decimal Classification     Non-fiction Biblioteca Pública José María del Castillo y Rada Biblioteca Pública José María del Castillo y Rada 04/15/2018 Donación 1 665.5 / R934m 430000601 08/14/2025 08/13/2025 Ej.1 Books